Historia general sacro-profana, política y natural de la islas del poniente llamadas Filipinas / (Record no. 48505)

MARC details
000 -LEADER
campo de control de longitud fija 00720nam a22001935i 4500
001 - NÚMERO DE CONTROL
campo de control 48505
003 - IDENTIFICADOR DE NÚMERO DE CONTROL
campo de control ES-MaACL
005 - FECHA Y HORA DE LA ÚLTIMA TRANSACCIÓN
campo de control 20251123063301.0
007 - CAMPO FIJO DE DESCRIPCIÓN FÍSICA--INFORMACIÓN GENERAL
campo de control de longitud fija t|
008 - DATOS DE LONGITUD FIJA--INFORMACIÓN GENERAL
campo de control de longitud fija 950721s1892 phl ||||1| spa d
040 ## - FUENTE DE CATALOGACIÓN
Centro catalogador/agencia de origen CAM
Lengua de catalogación spa
Centro/agencia transcriptor CAM
100 0# - ENTRADA PRINCIPAL--NOMBRE DE PERSONA
Nombre de persona Delgado, Juan J.,
Títulos y otros términos asociados al nombre (S.I.)
9 (RLIN) 43416
245 10 - MENCIÓN DEL TÍTULO
Título Historia general sacro-profana, política y natural de la islas del poniente llamadas Filipinas /
Mención de responsabilidad, etc. por... Juan J. Delgado de la Compañía de Jesús.
260 ## - PUBLICACIÓN, DISTRIBUCIÓN, ETC.
Lugar de publicación, distribución, etc. Manila :
Nombre del editor, distribuidor, etc. [s.n.],
Fecha de publicación, distribución, etc. 1892 (
Fabricante Imp. de El eco de Filipinas de D. Juan Atayde)
300 ## - DESCRIPCIÓN FÍSICA
Extensión [4], IV, 1009, [3] p., [1] h. de map. pleg. ;
Dimensiones 23 cm.
651 #4 - PUNTO DE ACCESO ADICIONAL DE MATERIA--NOMBRE GEOGRÁFICO
Nombre geográfico Filipinas-
Subdivisión general Historia.
9 (RLIN) 8658
852 ## - LOCALIZACIÓN
Ubicación ES-MaACL
Número de control de estantería B-4867
Holdings
Estatus retirado Estado de pérdida Estado de daño No para préstamo Colección Biblioteca de origen Biblioteca actual Ubicación en estantería Fecha de adquisición Fuente de adquisición Total de préstamos Signatura topográfica completa Código de barras Visto por última vez Precio de reemplazo Tipo de ítem Koha
        Libros del s. XIX Biblioteca del Ateneo de Madrid Biblioteca del Ateneo de Madrid Sala Pardo Bazán 17/01/2008     B-4867 1051045 23/02/2023 23/02/2023 Libro impreso antiguo